000 00848cam a2200253 a 4500
001 000018860
003 DO-SdBNP
005 20251028141804.0
008 000000s1964 ve a 000 0 spa d
040 _aDO-SdBNP
_bspa
_cBNPHU
049 _aBNGR
082 _a920.087
_bD542d
100 1 _aDíaz Sánchez, Ramón.
_d1903-19?
_940630
245 1 0 _aDiez rostros de Venezuela /
_cRamón Díaz Sánchez.
260 _aCaracas, (Venezuela) :
_bEdiciones Banco del Caribe,
_c1964.
300 _a218 p. :
_bil. ;
_c24 cm.
500 _aIncluye datos biográficos del autor en las solapas.
504 _aIncluye referencias bibliográficas
504 _aIncluye notas al pie de las páginas.
651 4 _aVenezuela
_xBiografías
_926230
651 0 _aVenezuela
_xHistoria
_926230
910 _aCatalogación derivada /Oxford
942 _2ddc
_cLBS1
999 _c18379
_d18379